000
00296nam a2200121Ia 4500
008
190216s9999||||xx |||||||||||||| ||und||
100
_a
Rima Tiwari
245
0
_a
Hindi-Sachithra Noothan Hindi Balakosh
260
_b
Lekhika Yev Prakashan
_c
2010
300
_a
192
650
_a
Hindi
942
_c
BK
999
_c
16841
_d
16841